Statistics for Countries Breakdown Puzzle #8

Click here to take the quiz!

General Stats

  • This quiz has been taken 1,792 times
    (873 since last reset)
  • The average score is 19 of 30

Answer Stats

HintAnswer% Correct
"Mamma ___!"MIA
96%
Shed tearsCRY
95%
Close byNEAR
93%
AutomobileCAR
91%
Author Edgar AllanPOE
88%
Magazine, ______ FairVANITY
76%
ARMENIA
75%
Fluid from an abscessPUS
75%
Desert plantsCACTI
73%
CYPRUS
73%
Actress DenchJUDI
72%
Vermont (abbv.)VT
72%
Part of HispaniolaHAITI
71%
Deli meatHAM
63%
Hawaiian partyLUAU
58%
Bide one's timeWAIT
56%
Indonesian islandBALI
54%
Brazil neighbor; French _____GUIANA
54%
TUVALU
52%
DJIBOUTI
50%
R.I.P. noticeOBIT
50%
Swedish automakerSAAB
48%
VATICAN CITY
48%
ETHIOPIA
47%
Trigonometric functionSINE
43%
NICARAGUA
42%
King, in PortugueseREI
41%
BAHAMAS
36%
LIBERIA
32%
ESWATINI
28%

Score Distribution

Percentile by Number Answered

Percent of People with Each Score

Your Score History

You have not taken this quiz since the last reset